| 000 | 02043cam a22004934i 4500 | ||
|---|---|---|---|
| 003 | PE-LiUPU | ||
| 005 | 20250731173432.0 | ||
| 008 | 150706s2005 xxu rb 000 0 spa d | ||
| 020 | _a9780829744330 | ||
| 035 | _a(Sirsi) i9780829744330 | ||
| 040 |
_aPE-LiUPU _bspa _cPE-LiUPU _erda |
||
| 049 | _aPRUA | ||
| 082 | 0 | 4 |
_a228.07 _bG37 _221 |
| 245 | 0 | 0 |
_aCuatro puntos de la vista sobre el Apocalipsis : _bpuntos de vista teológicos / _cKenneth L. Gentry Jr. [y otros] ; C. Marvin Pate, editor general ; [traducción, Robert y Esperanza Simons]. |
| 264 | 1 |
_aMiami : _bVida, _c2005. |
|
| 300 |
_a264 páginas ; _c22 centímetros. |
||
| 336 |
_atext _2rdacontent |
||
| 337 |
_aunmediated _2rdamedia |
||
| 338 |
_avolume _2rdacarrier |
||
| 490 | 0 | _aPuntos de vista teológicos | |
| 500 | _aTraducido de: Four view on the Book of Revelation. | ||
| 504 | _aIncluye bibliografía. | ||
| 505 | 0 | _aEl punto de vista preterista sobre el Apocalipsis -- El punto de vista idealista sobre el Apocalipsis -- El punto de vista dispensacionalista progresivo sobre el Apocalipsis -- El punto de vista dispensacionalista clásico sobre el Apocalipsis. | |
| 526 | _aSEG42 | ||
| 526 | _aSEG41 | ||
| 526 | _aSEG40 | ||
| 526 | _aSEG39 | ||
| 526 | _aP94 | ||
| 526 | _aP87 | ||
| 526 | _aP86 | ||
| 526 | _aP85 | ||
| 526 | _aP77 | ||
| 526 | _aP76 | ||
| 526 | _aP35 | ||
| 541 | _g001-0000632; | ||
| 630 |
_aBiblia. _pN.T. _pApocalipsis _vCrítica, interpretación, etc. |
||
| 700 | 1 |
_aPate, C. Marvin, _d1952- , _eeditor. |
|
| 910 |
_agl _clch _d20130812 |
||
| 942 |
_2ddc _cBOOK |
||
| 949 |
_a228.07 G37 _wDEWEY _c1 _i67918 _lCCODEBUL1 _mBUL _p16.00 _r0 _sY _tBOOK _u2015-7-6 _xTEOLOGIA _PP35 _o.STAFF. Colección General |
||
| 994 |
_aC0 _bPEPRU |
||
| 596 | _a1 | ||
| 999 |
_a228.07 G37 _wDEWEY _c55429 _i67918 _d55429 _e2019-6-18 _f2021-11-9 _g5 _lCCODEBUL1 _mBUL _n18 _p16.00 _q20 _r0 _sY _tBOOK _u2015-7-6 _xTEOLOGIA _PP35 _0COMPRA _o.STAFF. Colección Teología |
||
| 980 |
_81 _gALBERTO SANCHEZ Responsable de Automatización |
||